Obálka Náhled e-knihy:
Epub
Pro půjčování e-knih musíte být přihlášeni.
Jak si půjčit online?

Black Beauty /

Told from the perspective of a horse, Black Beauty (1877) dives into the topic of animal rights like no other novel. Black Beauty is raised by a caring mother on an idyllic farm, not knowing that he will never be as free again. Tossed from owner to owner, he encounters mistreatment in many forms, bu...

Celý popis

Uloženo v:
Hlavní autor: Sewell, Anne (Autor)
Médium: E-kniha
Jazyk:Czech
Vydáno: Praha : Saga Egmont, 2017
Tagy:
Žádné tagy
LEADER 01633nam a22002297i 4500
001 301553
007 ta
008 260501s2017 xr ||||| |||| 00| 0 cze d
020 |a 9990003825667 
044 |a xr 
100 1 |a  Sewell, Anne  |4 aut 
245 1 0 |a Black Beauty /  |c  Sewell, Anne 
264 1 |a Praha :  |b Saga Egmont,  |c 2017 
300 |a 1 online zdroj (255 stran) 
336 |a text  |b txt  |2 rdacontent 
337 |a bez média  |b n  |2 rdamedia 
338 |a online zdroj  |b cr  |2 rdacarrier 
520 2 |a Told from the perspective of a horse, Black Beauty (1877) dives into the topic of animal rights like no other novel. Black Beauty is raised by a caring mother on an idyllic farm, not knowing that he will never be as free again. Tossed from owner to owner, he encounters mistreatment in many forms, but luckily, his journey is not without love either. Being herself an invalid, author Anna Sewell (1820-1878) seemed particularly aware of the importance of kindness toward all living creatures. She wrote Black Beauty – her only novel – in the final years of her life, and lived just long enough to see its positive reception. In the years after her death, Black Beauty would become the foundation for change in horse welfare in both England and the US. 
910 |a RBIT002 
998 |d 382566  |a https://core.palmknihy.cz/api/books/382566/cover?teb7z3  |b https://core.palmknihy.cz/api/books/382566/cover/400?teb7z3  |c https://core.palmknihy.cz/api/books/382566/cover/50?teb7z3  |e   |g 255  |i 9990003825667  |j https://core.palmknihy.cz/api/books/382566/preview.epub  |l   |q 49  |r 1  |s https://www.palmknihy.cz/kniha/382566  |t ebook  |y 2017  |z 1 
999 |d 301551